00525cam a22001692 4500001001100000005001700011008004100028020002800069040001500097050001800112100003400130245006100164260003500225300001500260650004000275650004000315000000384320151217151936.0070515s xx 000 0 eng d a0471955558 :cGBP 43.95 aKABUcKABU 0aQC808.5b.R491 aReynolds, John M.@000015404313aAn Introduction to applied and environmental geophysics. aNew York :bJohn Wiley,c1997. aix, 796 p. 0aGeophysicsxTechniques.@0000154044 0aSeismologyxTechniques.@0000154045